Stravné v roku 2026

Zabezpečenie stravovania pre zamestnancov patrí medzi dôležité povinnosti zo strany zamestnávateľa a zároveň uvedená zamestnávateľova povinnosť má priamy vplyv na spokojnosť zamestnancov. Aké sú formy zabezpečovania stravovania pre zamestnancov? Ako sa zmení výška stravného od roku 2026?

Gespeichert in:
Bibliographische Detailangaben
1. Verfasser: Petríková, Lucia
Format: Buchkapitel
Sprache:Slowakisch
Schlagworte:
Tags: Tag hinzufügen
Keine Tags, Fügen Sie das erste Tag hinzu!

MARC

LEADER 00000naa a2200000 4500
001 0313217
005 20251119090501.1
041 0 |a slo 
044 |a SK 
245 1 0 |a Stravné v roku 2026  |c Lucia Petríková 
520 |a Zabezpečenie stravovania pre zamestnancov patrí medzi dôležité povinnosti zo strany zamestnávateľa a zároveň uvedená zamestnávateľova povinnosť má priamy vplyv na spokojnosť zamestnancov. Aké sú formy zabezpečovania stravovania pre zamestnancov? Ako sa zmení výška stravného od roku 2026? 
610 2 0 |a stravovanie zamestnancov 
610 2 0 |a stravné 
610 2 0 |a cesty pracovné 
610 2 0 |a zamestnanci 
610 2 0 |a zamestnávatelia 
100 1 |a Petríková, Lucia